| 000 | 003770000a22001210004500 | ||
|---|---|---|---|
| 090 |
_aAS _bSeriadas |
||
| 245 | 1 | 0 | _aTres nuevas especies de Colostethus (amphibia Dendrobatidae) de Colombia |
| 041 | 0 | _aEspañol | |
| 700 | 1 |
_aSerna, Marco A. _9100315 |
|
| 100 | 1 |
_aRivero, Juan A. _999383 |
|
| 942 | _cARTICULO | ||
| 773 | 1 |
_tTrianea _kActa Científica y Tecnológica _h4 _q481-495 _d1991 |
|
| 999 |
_c16122 _d16122 |
||